Communism in Europe : (Record no. 3162)
[ view plain ]
| 000 -LEADER | |
|---|---|
| fixed length control field | 00719nam a22002291a 4500 |
| 001 - CONTROL NUMBER | |
| control field | 3162 |
| 003 - CONTROL NUMBER IDENTIFIER | |
| rucl marc code | BD-RjUL |
| 005 - DATE AND TIME OF LATEST TRANSACTION | |
| control field | 20211208233703.0 |
| 008 - FIXED-LENGTH DATA ELEMENTS--GENERAL INFORMATION | |
| fixed length control field | 131218s1964 mau 001 0 eng d |
| 035 ## - SYSTEM CONTROL NUMBER | |
| System control number | (BD-RjUL)3196 |
| 040 ## - CATALOGING SOURCE | |
| Original cataloging agency | NUN |
| Language of cataloging | eng |
| Transcribing agency | NUN |
| Modifying agency | D2035 |
| -- | BD-RjUL |
| 041 ## - LANGUAGE CODE | |
| Language code of text/sound track or separate title | eng |
| 082 00 - DEWEY DECIMAL CLASSIFICATION NUMBER | |
| Classification number | 335.43094 |
| Author mark and year | COM 1964 |
| 245 10 - TITLE STATEMENT | |
| Title | Communism in Europe : |
| Remainder of title | continuity, change and the Sino-Soviet dispute / |
| Statement of responsibility, etc. | edited by W.E. Griffith. |
| 260 ## - PUBLICATION, DISTRIBUTION, ETC. (IMPRINT) | |
| Place of publication, distribution, etc. | Cambridge, Mass. : |
| Name of publisher, distributor, etc. | M.I.T. Press, |
| Date of publication, distribution, etc. | 1964. |
| 300 ## - PHYSICAL DESCRIPTION | |
| Pagination | vol. 1, x, 406 p. ; |
| Size | 24 cm. |
| 504 ## - BIBLIOGRAPHY, ETC. NOTE | |
| Bibliography, etc | Includes index. |
| 650 #0 - SUBJECT ADDED ENTRY--TOPICAL TERM | |
| Topical term or geographic name as entry element | Communist parties. |
| 9 (RLIN) | 10017 |
| Topical term or geographic name as entry element | Communism |
| Geographic subdivision | Europe. |
| 9 (RLIN) | 9920 |
| 700 1# - ADDED ENTRY--PERSONAL NAME | |
| Personal name | Griffith, William E. |
| Fuller form of name | (William Edgar) |
| 942 ## - ADDED ENTRY ELEMENTS (KOHA) | |
| Source of classification or shelving scheme | Dewey Decimal Classification |
| Koha item type | Books |
| Lost status | Source of classification or shelving scheme | Materials specified (bound volume or other part) | Damaged status | Not for loan | Collection code | Permanent Location | Current Location | Shelving location | Date acquired | Source of acquisition | Total Checkouts | Full call number | Date last seen | Copy number | Koha item type |
|---|---|---|---|---|---|---|---|---|---|---|---|---|---|---|---|
| Dewey Decimal Classification | V-1 | Not For Loan | Non-fiction | Central Library, University of Rajshahi | Central Library, University of Rajshahi | Reading Room | 16/02/1978 | Dept. of Zoology | 335.43094 COM 1964 | 18/12/2013 | C-1 | Books |